1244 1178 1536 1562 1335 1262 1299 1162 1923 1946 1151 1134 1072 1084 1184 1090 1186 1099 1658 1050 1132 1982 1158 1888 1176 1711 1725 1316 1514 1696 1107 1127 1054 1015 1889 1705 1378 1451 1831 1616 1172 1335 1171 1695 1052 1383 1176 1453 1737 1944 1534 1645 1335 1448 1435 1173 1391 1504 1159 1247 1590 1371 1140 1997 1293 1502 1589 1740 1243 1090 1252 1286 1772 1205 1991 1142 1083 1345 1337 1100 1282 1458 1750 1796 1385 1672 1150 1280 1750 1852 1939 1320 1507 1245 1007 1475 1948 1161 1130 BCNSPRNW ULIB Ver.6.0+V

เปลี่ยนเป็นภาษาไทย

Change to English
 แสดงรายละเอียดบรรณานุกรม
  กลับหน้าหลัก

Brief Record : Get Marc (ISO 2709) : E-mail record : QR code < ปิดหน้าต่าง
LEADER : 00000nam 2200000uu 4500
001    13399125614
003     ULIB
008    170711s2559||||th 000 0 tha d
020    ^a9786163202598
060  0 ^aWB395^bอ488ก
100 0  ^aอังคณา โฉมอ่อน
245 00 ^aกินอย่างไรให้วัยอ่อนเยาว์และอายุยืน /^cอังคณา โฉมอ่อน
260    ^aกรุงเทพฯ :^bกอแก้ว,^c2559
300    ^a224 หน้า ;^c21 ซม.
650  0 ^aสุขภาพ^xการกิน
945    ^p0^l0^i002568
999    ^aประนอม เกษจรัล
รายการนี้ยังไม่มีแท็ก
คุณยังไม่ได้ล็อกอิน คุณสามารถมีกิจกรรมร่วมกับเว็บไซต์ได้ แต่ต้องล็อกอินก่อน ::
  ล็อกอิน

รายการสื่อสารสนเทศ

ลำดับที่ ประเภท เลขเรียก/บาร์โค้ด สถานที่ สถานะ
1. วิทยาศาสตร์การแพทย์ และสุขภาพ
วิทยาศาสตร์การแพทย์ และสุขภาพ
สถานะ=หนังสือเก่า
WB395 อ488ก ฉ.1 
  Barcode: 002568
ห้องสมุดวิทยาเขตสวรรค์ประชารักษ์
►ส่วนจัดเก็บหนังสือเก่า สปร
บนชั้น
  ขอยืม

รายการใกล้เคียง
    ผู้แต่ง [อังคณา โฉมอ่อน]

BibComment


ยังไม่เคยถูกคอมเมนท์

คอมเมนท์ทรัพยากรรายการนี้
  คอมเมนท์: กินอย่างไรให้วัย..


 Copyright 2026. Bcnsprnw @Library